Hegemony or empire? the redefinition of US power under George W. Bush (Registro nro. 90195)

Detalles MARC
000 -ENCABEZADO
Número de control [NR] 01162nam a22002897a 4500
008 - DE LONGITUD FIJA DE DATOS DE ELEMENTOS - INFORMACIÓN GENERAL
Elementos de longitud fija [NR] 130821s2006 enka gr eng
020 ## - NUMERO INTERNACIONAL NORMALIZADO PARA LIBROS [R]
Número Internacional Normalizado del libro [NR] 0754647749
020 ## - NUMERO INTERNACIONAL NORMALIZADO PARA LIBROS [R]
Número Internacional Normalizado del libro [NR] 9780754647744
040 ## - FUENTE DE CATALOGACION [NR]
Agencia de catalogación original [NR] Co-BoUCM
Idioma de catalogación [NR] spa
041 00 - CODIGO DE IDIOMA [R]
Código de idioma para texto/pista de sonido o título separado [R] Inglés
245 00 - MENCION DE TITULO [NR]
Título [NR] Hegemony or empire? the redefinition of US power under George W. Bush
Mención de responsabilidad, etc. [NR] editores Charles-Philippe David y David Grondin.
260 ## - PUBLICACION, DISTRIBUCION, ETC. (PIE DE IMPRENTA) [R]
Lugar de publicación, distribución, etc. [R] Aldershot (Hampshire, Inglaterra)
Nombre del editor, distribuidor, etc. [R] Ashgate
Fecha de publicación, distribución, etc. [R] c2006
300 ## - DESCRIPCION FISICA [R]
Extensión [R] xviii, 237 páginas
Otros detalles físicos [NR] ilustraciones
504 ## - NOTA DE BIBLIOGRAFIA, ETC. [R]
Nota de bibliografía, etc. [NR]
600 10 - ASIENTO SECUNDARIO DE MATERIA - NOMBRE PERSONAL [R]
Nombre personal [NR] Bush, George Walker
Forma más completa del nombre [NR] (George Walker)
Fechas asociadas con el nombre [NR] 1946-
9 (RLIN) 144514
650 04 - ASIENTO SECUNDARIO DE MATERIA - TERMINO TEMATICO [R]
Término temático o nombre geográfico como elemento de entrada [NR] Ciencia política
9 (RLIN) 340
650 04 - ASIENTO SECUNDARIO DE MATERIA - TERMINO TEMATICO [R]
Término temático o nombre geográfico como elemento de entrada [NR] Equilibrio internacional
9 (RLIN) 14697
650 04 - ASIENTO SECUNDARIO DE MATERIA - TERMINO TEMATICO [R]
Término temático o nombre geográfico como elemento de entrada [NR] Hegemonía
Subdivisión geográfica [R] Estados Unidos
9 (RLIN) 16700
650 04 - ASIENTO SECUNDARIO DE MATERIA - TERMINO TEMATICO [R]
Término temático o nombre geográfico como elemento de entrada [NR] Imperialismo
9 (RLIN) 17199
650 04 - ASIENTO SECUNDARIO DE MATERIA - TERMINO TEMATICO [R]
Término temático o nombre geográfico como elemento de entrada [NR] Política mundial
Subdivisión cronológica [R] 1995-2005
9 (RLIN) 22002
651 ## - ASIENTO SECUNDARIO DE MATERIA - NOMBRE GEOGRAFICO [R]
Nombre geográfico [NR] Estados Unidos
Geographic name following place entry element [OBSOLETE] Relaciones internacionales
Subdivisión cronológica [R] 2001
9 (RLIN) 7595
700 1# - ASIENTO SECUNDARIO - NOMBRE PERSONAL [R]
Nombre personal [NR] David, Charles Philippe.
9 (RLIN) 45280
700 1# - ASIENTO SECUNDARIO - NOMBRE PERSONAL [R]
Nombre personal [NR] Grondin, David.
9 (RLIN) 171428
856 41 - LOCALIZACION Y ACCESO ELECTRONICOS [R]
Especificación de los materiales [NR] COntenido
Identificador Uniforme del Recurso (“URI”) [R] <a href="http://www.loc.gov/catdir/toc/ecip069/2006007251.html">http://www.loc.gov/catdir/toc/ecip069/2006007251.html</a>
942 ## - ELEMENTOS DE ENTRADA AGREGADOS (KOHA)
Tipo de ítem principal el descrito en 300a Libro
Tema principal Ciencia política
Edición 1
Parte restante de la signatura top. H462
Sistema de clasificación DEWEY
Clasificación 327.73
Existencias
Fecha de último préstamo Total préstamos Total Renewals Signatura topográfica Código de barras Última vez visto Ejemplar Price effective from Tipo de ítem Perdido Sistema de clasificación Dañado No prestable Tipo de ítem específico Suprimido Ubicación habitual Ubicación actual Localización Fecha de creación Forma de adquisición Costo
21/10/2017 14 4 327.73 H462 100085304 06/06/2024 Ej.1 03/02/2013 Libro   DEWEY     Libro   Bodega Bodega 3er piso 28/02/2013 Compra 89.95